[Event "RUS-chT Blitz Women 2018"]
[Site "Sochi"]
[Date "2018.10.10"]
[Round "9"]
[White "Kirchei, Viktoriia"]
[Black "Voit, Daria"]
[Result "0-1"]
[WhiteElo "2002"]
[BlackElo "2352"]
[Annotator "TA"]
[PlyCount "117"]
[EventDate "2018.10.10"]
[EventType "swiss"]
[EventCountry "RUS"]
[SourceTitle "playchess.com"]
[Source "ChessBase"]
[SourceQuality "1"]

{[%evp 18,117,37,42,63,0,0,-12,-8,-27,-16,-18,0,-9,-10,-15,-21,-37,-28,-89,-29,-73,-84,-75,-67,-83,-72,-70,218,219,660,19,0,0,227,0,0,0,327,-204,-189,-530,-378,-390,-387,-390,-382,-413,-380,-412,-378,-387,-392,-537,-507,-487,-452,-477,-429,-394,-293,-467,-469,-472,-487,-571,-547,-550,-543,-820,-810,-1284,-924,-12840,-12840,-12838,-12837,-12845,-1621,-1127,-703,-12844,-12845,-12845,-12845,-12846,-12840,-12848,-12841,-12846,-12847,-12847,-12845,-29994,-29995,-29995,-29996,-29996,-29997,-29997,-29998,-29999]} 1. e4 c5 2. d3 g6 3. g3 Bg7 4. Bg2 Nc6 5. f4 e6 6. Nf3 Nge7 7. O-O O-O 8. c3 d5 9. e5 b5 {B20: Sicilian: Unusual White 2nd moves} (9... d4 10. c4 f6 11. exf6 Bxf6 12. Nbd2 b6 13. Ne4 Bg7 14. Qe2 Nf5 15. Ne5 Nxe5 16. fxe5 Rb8 17. Bg5 Qc7 {1-0 (39) Nakamura,H (2775)-Kryvoruchko,Y (2707) Dubai 2014}) 10. Be3 {[%cal Bc1e3,Be3f2,Bf2h4,Bh4f6][%mdl 32] LiveBook: 4 Games} c4 11. d4 (11. a4 $14) 11... b4 $11 {The position is equal.} 12. Bf2 Rb8 13. g4 $146 ({Predecessor:} 13. Nbd2 Bd7 14. g4 Qa5 15. Qc2 Rb7 16. Bh4 Rfb8 17. Rfb1 {0-1 (50) Gallardo de la Torre,Y (2026)-Vallejo Diaz,J (2124) Mondariz 2003}) 13... bxc3 14. bxc3 Rb2 15. Bh4 Qa5 16. a3 Bd7 17. Bf6 Rfb8 18. Qe1 (18. Qc1 $11) 18... Kf8 (18... Rc2 $17 19. Rf2 (19. Bxg7 Rbb2 $17) 19... Rbb2 20. Rxc2 Rxc2) 19. Qh4 h6 $1 20. Bxg7+ Kxg7 21. Qf6+ Kf8 22. Nh4 Qa4 $2 {[%mdl 8192] [#]} (22... Kg8 $15 {stays ahead.}) 23. f5 $1 $18 {[%mdl 512] Threatening mate with Qh8+.} exf5 $2 {[#]} (23... Rxg2+ 24. Kxg2 exf5) 24. gxf5 $2 (24. Bxd5 $1 $18 {[%csl Gd5][%cal Rf6f7][%mdl 512]} Be8 (24... Nxd5 25. Nxg6+) 25. Nd2 $1 {[%mdl 512]} Nxd4 26. cxd4 Rxd2 27. Qh8+ Ng8 28. Nxg6+ $1 {[%mdl 512]} fxg6 29. Bxg8) 24... Bxf5 $11 {Threatens to win with ...Ke8.} 25. Nxf5 Nxf5 $2 {[#]} (25... gxf5 $11 {and Black has nothing to worry.} 26. e6 (26. Qxh6+ Ke8 $17) 26... Nd8 27. Qxh6+ Kg8 28. Qg5+ Kf8 29. Qh6+ Kg8 30. Qg5+ Kf8 31. Qh6+) 26. Bxd5 $2 ({White has to play} 26. e6 $1 $18 {[%csl Ge6][%cal Rf6f7]} Nd8 27. Rxf5 (27. exf7 $2 Rxg2+ 28. Kxg2 Qc2+ 29. Kh1 Nxf7 $19) 27... Qd1+ 28. Rf1 Rxg2+ 29. Kxg2 Qg4+ 30. Kh1 Qe4+ 31. Qf3 Qxf3+ 32. Rxf3) 26... Nd8 27. Nd2 Qc2 $2 {[%mdl 8192] [#]} (27... Qd7 $1 $11 {and Black is okay.} 28. Be4 (28. Bxc4 Rxd2 29. Rad1 Rc2 $11) (28. Nxc4 $2 Qxd5 29. Nxb2 Rxb2 $19) (28. Qh8+ Ke7 $11) 28... Nxd4 29. Qh8+ Ke7) 28. Rxf5 $4 {[%mdl 8192]} (28. Qh8+ Ke7 $15) (28. Rad1 $1 $18) 28... Qxf5 $40 {[%mdl 128] Black attacks with force.} 29. Qd6+ $2 (29. Qxf5 {is tougher.} gxf5 30. Nxc4 Rb1+ 31. Rxb1 Rxb1+ 32. Kf2) 29... Kg7 30. Qf6+ Qxf6 31. exf6+ Kxf6 32. Nxc4 Rc2 33. Rf1+ Kg7 34. Nd6 f5 35. Ne8+ Kf8 36. Nf6 {Hoping for Nd7+.} Rbb2 37. Nd7+ Ke7 38. Ne5 Kf6 39. Nd7+ (39. Nd3 $142 Rb5 40. Nc5) 39... Kg5 40. Ne5 Rxc3 41. h4+ Kxh4 42. Nxg6+ Kg5 43. Ne7 f4 44. Be4 Ne6 45. Nd5 Rg3+ 46. Kh1 Rd2 47. Bf3 Rxd4 (47... Nxd4 $142 48. Bd1 f3) 48. Nc3 Nc5 {aiming for ...Rd3.} 49. a4 Rd3 50. Ne4+ Nxe4 51. Bxe4 {[%mdl 4096] Endgame KRR-KRB} Rd4 52. Bg2 Rxa4 53. Rc1 f3 54. Rc5+ Kf4 {( -> ...Ra1+)} 55. Kh2 Rxg2+ {Black mates.} 56. Kh3 Ra1 {[%cal Ra1h1]} 57. Rc4+ Ke5 {[%cal Ra1h1]} 58. Rc5+ Kd6 {[%cal Ra1h1]} 59. Rc3 {Precision: White = 23%, Black = 42%.} 0-1

[Event "RUS-chT Blitz Women 2018"]
[Site "Sochi"]
[Date "2018.10.10"]
[Round "9"]
[White "Zhurova, Anna"]
[Black "Maltsevskaya, Aleksandra"]
[Result "1/2-1/2"]
[WhiteElo "1947"]
[BlackElo "2290"]
[Annotator "TA"]
[PlyCount "115"]
[EventDate "2018.10.10"]
[EventType "swiss"]
[EventCountry "RUS"]
[SourceTitle "playchess.com"]
[Source "ChessBase"]
[SourceQuality "1"]

{[%evp 22,115,33,28,40,29,63,75,70,41,44,52,58,46,52,45,43,35,49,24,27,0,0,0,0,-9,47,-8,-7,-11,60,15,8,8,13,11,33,21,279,-58,-56,-170,-153,-182,-193,-188,-182,-172,54,-249,-226,-520,-21,-5208,-308,-309,-308,-306,-296,-367,-370,-325,-211,-211,-211,-205,-204,-202,-197,-204,-175,-271,-263,-304,-263,-263,-263,-263,-263,-263,-213,-263,-263,-263,-72,-263,-8,-263,-86,-363,-8,-363,-263,-338,-263,-314]} 1. e4 c5 2. Nc3 Nc6 3. g3 g6 4. Bg2 Bg7 5. d3 e5 6. Be3 d6 7. Nh3 Nge7 8. O-O O-O 9. f4 exf4 10. Nxf4 Nd4 11. Nfd5 Nxd5 12. Nxd5 Nc6 {B25: Closed Sicilian: 3 g3, lines without early Be3} 13. c3 h6 $146 ({Predecessor:} 13... Be6 14. Nf4 Bd7 15. Qd2 {0-1 (47) Jelenciak,J (1982)-Lanc,A (2357) Piestany 2007}) 14. Qd2 Kh7 {White is better.} 15. Rf2 Ne5 16. h3 Be6 17. Nf4 Bd7 18. Raf1 Bc6 19. b3 Nd7 20. d4 cxd4 21. cxd4 Nf6 22. d5 Bb5 23. Nd3 Qe7 ({Black should play} 23... Rc8 $11) 24. a4 (24. e5 $1 $14 Ne8 25. e6) 24... Bxd3 $1 $11 25. Qxd3 Rae8 (25... Rac8 $11) 26. e5 dxe5 27. d6 Qe6 28. Bxa7 (28. Bxb7 Rb8 $17) 28... e4 29. Qc4 {With the idea Bd4.} Nd7 $2 {[%mdl 8192]} (29... Qxd6 $6 30. Bc5 $16) (29... e3 $11 {and Black is okay.} 30. Re2 Qxd6) 30. Re2 $2 ({White must play} 30. Rxf7 $18 Qxd6 31. Qd4 Qxd4+ 32. Bxd4 Rxf7 33. Rxf7) 30... f5 $1 $15 31. Qb4 {[#]} (31. Qxe6 $15 Rxe6 32. Rd1) 31... b6 $1 $19 {[%mdl 512]} 32. Bxb6 Nxb6 33. Qxb6 Rb8 $36 {[%mdl 2048] Black has strong initiative.} 34. Qc7 Rxb3 $2 {[#]} ({Better is} 34... Qxb3 $19 35. Kh2 Qd3) 35. d7 $2 {[%mdl 8192]} (35. Rxe4 $1 $14 {[%mdl 512]} Qf6 (35... fxe4 36. Rxf8) 36. Kh2) 35... Rd3 36. Bxe4 $2 (36. g4 Rxd7 37. gxf5 gxf5 38. Qa5) 36... Rxd7 $2 (36... fxe4 $19 37. Rxf8 Rxd7) 37. Bxf5 $2 {[%mdl 8192]} (37. Bf3 $11) 37... Qxf5 $2 (37... Rxc7 38. Bxe6 (38. Rxe6 $2 {is the wrong capture.} gxf5 39. a5 Ra7 $19) 38... Rc3 39. Kg2 $14 (39. Rxf8 Bxf8 40. Kf1 Rxg3 $14)) (37... Bd4+ 38. Kh1 Qd5+ 39. Be4 Rxf1+ 40. Kh2 Bg1+ 41. Kg2 Rf2+ 42. Kxg1 Rxe2 43. Bxd5 Rxc7) 38. Rxf5 Rxc7 39. Rxf8 Bxf8 {[%mdl 4096] Endgame KRB-KR} 40. a5 Ra7 41. Ra2 Bb4 42. a6 Bc5+ 43. Kg2 Kg7 44. Kf3 Kf6 45. Ra5 Bd6 46. g4 (46. Kg4 $142) 46... g5 47. Ke3 Ke6 48. Ke4 Bc7 49. Ra4 Bf4 50. Ra5 Kd6 51. Kf5 Kc6 52. Kg6 Kb6 $2 (52... Bg3 $1 $19 {has better winning chances. And now ...Kb6 would win.} 53. Kxh6 Bh4) 53. Rf5 $2 (53. Ra3 $17 {was the only chance.}) 53... Rxa6 $2 ({Not} 53... Kxa6 54. h4 $15) (53... Bg3 $1 $19 54. Rf6+ Kb5 55. Kxh6 Bh4 56. Rf5+ Kc6 57. Rf6+ Kd5 58. Rf5+ Kd6 59. Rf6+ Ke5 60. Rf5+ Ke6) 54. Kxh6 $2 {[%mdl 8192] [#]} (54. Rf6+ $1 $11 Kb7 55. Rxa6 Kxa6 56. Kxh6) 54... Ra8 $2 (54... Kc7+ $1 $19 55. Kh5 Ra8) 55. Kg6 $2 {[%mdl 8192]} (55. Kh7 $17) 55... Rg8+ $2 (55... Rh8 $19 {Hoping for ...Bc1.} 56. Rf6+ Kc7 57. Rf7+ Kc6) 56. Kh6 $2 {[%mdl 8192]} (56. Kh7 $11 Re8 {[#]} 57. h4 $1 {[%mdl 512]}) 56... Bd2 57. Kh5 Be3 58. Kh6 {[%mdl 32768] Precision: White = 18%, Black = 41%. . An unexpected result.} 1/2-1/2

[Event "RUS-chT Blitz Women 2018"]
[Site "Sochi"]
[Date "2018.10.10"]
[Round "9"]
[White "Vyrtosu, Natalia"]
[Black "Shuvalova, Polina"]
[Result "0-1"]
[WhiteElo "1894"]
[BlackElo "2421"]
[Annotator "TA"]
[PlyCount "88"]
[EventDate "2018.10.10"]
[EventType "swiss"]
[EventCountry "RUS"]
[SourceTitle "playchess.com"]
[Source "ChessBase"]
[SourceQuality "1"]

{[%evp 19,87,40,38,29,41,20,32,34,21,-6,-14,-12,-7,-7,5,-28,6,-9,-11,-10,-11,-23,-27,-32,-11,-48,-15,-16,4,0,0,0,0,-15,33,-29,-22,-22,-22,-26,-32,-29,-15,-36,-37,-38,-43,-60,-37,-67,-35,-60,-22,-60,-60,-60,-60,-60,-60,-60,0,-60,-60,-60,-60,-93,-73,-120,-114,-29999]} 1. d4 Nf6 2. Bf4 e6 3. Nf3 c5 4. e3 cxd4 5. exd4 b6 6. c3 Bb7 7. Nbd2 Be7 8. Bd3 O-O 9. O-O d6 10. h3 Nbd7 {LiveBook: 110 Games. A47: 1 d4 Nf6 2 Nf3 b6: Torre, London and Colle Systems} 11. Bg3 (11. Qe2 a6 12. a4 Re8 13. Bh2 h6 14. Rfe1 Bf8 15. Nc4 Qc7 16. Ne3 Nd5 17. Nxd5 Bxd5 18. Bxa6 Bxf3 19. gxf3 {1-0 (34) Carlsen,M (2837)-Akobian,V (2647) Riadh 2017}) 11... Re8 12. Bc2 $146 ({Predecessor:} 12. Re1 Nf8 13. a4 a6 14. Qe2 Ng6 15. Ng5 Bf8 16. f4 h6 17. h4 e5 18. Nxf7 Kxf7 19. fxe5 dxe5 20. dxe5 {0-1 (50) Medancic,R (2284)-Yilmaz,M (2476) Rijeka 2010}) 12... Qc7 {The position is equal.} 13. Re1 Bf8 14. Ne4 Nxe4 15. Bxe4 Bxe4 16. Rxe4 Qc6 17. Qe1 d5 18. Re2 b5 19. a3 a5 20. Ne5 Nxe5 21. Bxe5 Rec8 22. Qd2 h6 23. Re3 b4 24. axb4 axb4 25. Rxa8 Qxa8 26. cxb4 Qa1+ 27. Re1 (27. Kh2 $1 $14) 27... Qa4 $11 28. Rc1 Qxb4 29. Rc3 Rc4 30. Qc2 Qb5 31. Rxc4 dxc4 32. Bf4 Qd5 33. Be3 Bd6 34. Qc3 h5 (34... Be7 {is more complex.} 35. Qc2 Bf6 36. Qa4 Bxd4 37. Qe8+ Kh7) 35. Qc2 Be7 (35... h4 {feels hotter.} 36. Qc3 g6 37. Bd2 Be7 38. Be3 Kg7) 36. Qc3 Bf6 37. Qd2 h4 38. Kh1 Qe4 39. Qc3 Qd5 40. Qd2 $1 Be7 41. Qc3 Bd6 42. Qd2 Qe4 43. Qc1 {[#]} Qd3 $1 44. Qd2 $2 {[%mdl 8192]} (44. f3 $17) 44... Qf1# {Precision: White = 42%, Black = 48%.} 0-1